000 00399nam a2200169Ia 4500
001 22447
003 IN-NITTTR
005 20251114233253.0
008 251113s9999||||xx |||||||||||||| ||eng||
040 _beng
040 _cIN-NITTTR
041 _aeng
082 _a621.38173 D569
245 0 _aDigital VLSI Systems /
_cElmasry, Mohamed I., ed
700 _aElmasry, Mohamed I.
942 _2ddc
_cBK
999 _c25076
_d25076